| 000 | 00505cam a22002054a 4500 | ||
|---|---|---|---|
| 005 | 20250605164317.0 | ||
| 008 | 250528s ||||||||||||||||||||||||d | ||
| 035 | _a22745 | ||
| 020 | _a9780395871621 | ||
| 040 |
_aGR-AtMCL _bgre _dGR-AtMCL _eAACR2 |
||
| 245 | 1 | _aGLOBAL MARKETING STRATEGIES | |
| 250 | _a4 | ||
| 260 |
_bHoughton Mifflin, _c1998 |
||
| 300 | _a918 | ||
| 700 | 1 |
_aHennessey David H _91747 |
|
| 700 | 1 |
_aJeannet Jean-Pierre _91748 |
|
| 942 | _cBK | ||
| 999 |
_c7790 _d7790 |
||